000 00627nam a2200193 i 4500
001 130968
003 ES-MaACL
005 20250809031525.0
007 t|
008 070214s1931 sp r ||||1| spa d
100 1 _aRocco, Alfredo.
_998036
245 1 0 _aPrincipios de derecho mercantil /
_cparte general por Alfredo Rocco ; prólogo de a la edición española por Joaquín Garrigues.
260 _aMadrid :
_bJ. Pueyo,
_c1931.
300 _a446 p. ;
_c23 cm.
650 7 _aDerecho mercantil
_2embne
_9135891
700 1 _aGarrigues, Joaquín (
_d1899-1983)
_9162586
852 _aES-MaACL
_jA-52
999 _c130968
_d130968